000 01314cam a2200337 a 4500
999 _c3043
_d3043
001 16060888
005 20170602100850.0
008 100120s2009 sa a 001 0aeng
010 _a 2009404648
015 _aGBA8D7189
_2bnb
016 7 _a014845593
_2Uk
020 _a9780864867315 (pbk.)
020 _a086486731X (pbk.)
035 _a(OCoLC)ocn277068954
040 _aUKM
_cUKM
_dEMU
_dYDXCP
_dDLC
042 _alccopycat
050 0 0 _aDT2999.A97
_bA3 2009
082 0 4 _a968.91051092
_222
100 1 _aAuret, Michael.
_916862
245 1 0 _aFrom liberator to dictator :
_ban insider's account of Robert Mugabe's descent into tyranny /
_cMichael Auret ; [foreword by Trevor Ncube].
260 _aCape Town :
_bDavid Philip,
_c2009.
300 _axviii, 179 p. :
_bill. ;
_c21 cm.
600 1 0 _aAuret, Michael.
_916862
600 1 0 _aMugabe, Robert Gabriel,
_d1924-
_917726
650 0 _aPoliticians
_zZimbabwe
_vBiography.
_922831
651 0 _aZimbabwe
_xPolitics and government
_y1980-
_932002
906 _a7
_bcbc
_ccopycat
_d2
_encip
_f20
_gy-gencatlg
942 _2lcc
_cMONOGRAPH